Elementos de contabilidad general (Registro nro. 1062)

Detalles MARC
000 -LEADER
fixed length control field 01177 a2200205 4500
001 - CONTROL NUMBER
control field 22859
005 - DATE AND TIME OF LATEST TRANSACTION
control field 20260407155518.0
008 - FIXED-LENGTH DATA ELEMENTS--GENERAL INFORMATION
fixed length control field 260407a1976 arg spa d
003 - CONTROL NUMBER IDENTIFIER
control field AR-UNSa-BCEJYS
040 ## - CATALOGING SOURCE
Original cataloging agency AR-UNSa-BCEJYS
Language of cataloging spa
Transcribing agency AR-UNSa-BCEJYS
080 ## - UNIVERSAL DECIMAL CLASSIFICATION NUMBER
Universal Decimal Classification number 657
Common auxiliary subdivision Contabilidad
100 1# - MAIN ENTRY--PERSONAL NAME
Personal name Arevalo, Alberto
245 10 - TITLE STATEMENT
Title Elementos de contabilidad general
250 ## - EDITION STATEMENT
Edition statement 9a. ed
264 #1 - PRODUCTION, PUBLICATION, DISTRIBUTION, MANUFACTURE, AND COPYRIGHT NOTICE
Place of production, publication, distribution, manufacture Buenos Aires :
Name of producer, publisher, distributor, manufacturer Selección Contable
Date of production, publication, distribution, manufacture, or copyright notice 1976
300 ## - PHYSICAL DESCRIPTION
Extent 477 p.
Dimensions 22 cm.
505 ## - FORMATTED CONTENTS NOTE
Formatted contents note 1. El ente y su zona económica: La hacienda - 2. El patrimonio, elemento material de la hacienda - 3. El capital en las empresas - 4. El órgano administrativo - 5. Las funciones de administración económica - 6. La contabilidad en la esfera de la administración económica - 7. Inventarios - 8. La valuación de inventarios - 9. Presupuestos - 10. El contreñimiento de la gestión administrativa - 11. Las registración en contabilidad - 12. Métodos de registración - 13. La partida doble - 14. Las diversas formas de la partida doble - 15. Rendiciones de cuentas y balances - 16. Modelo balance general y estados contables.
590 ## - LOCAL NOTE (RLIN)
Local note niveau_biblio:m niveau_hierar:0
942 ## - ADDED ENTRY ELEMENTS (KOHA)
Koha item type
Existencias
Withdrawn status Lost status Damaged status Not for loan Home library Current library Shelving location Date acquired Total checkouts Full call number Barcode Date last seen Price effective from Koha item type
        Biblioteca Prof. Eusebio Cleto del Rey Biblioteca Prof. Eusebio Cleto del Rey   07/04/2026   657 A678 9ed. L21336 07/04/2026 07/04/2026 Libro